000
00207 a2200085 4500
020
_a
9783031004230
100
_a
Grossi C.
_9
212958
245
_a
Algorithms For Reinforcement Learning
260
_b
Springer
_c
2022
999
_c
367665
_d
367665